Changing children's behavior
Αποθηκεύτηκε σε:
| Κύριος συγγραφέας: | |
|---|---|
| Άλλοι συγγραφείς: | |
| Μορφή: | Βιβλίο |
| Γλώσσα: | English |
| Δημοσίευση: |
Englewood Cliffs, N.J. :
Prentice-Hall,
[c1972]
|
| Σειρά: | Prentice Hall series in counseling and guidance
|
| Θέματα: | |
| Ετικέτες: |
Προσθήκη ετικέτας
Δεν υπάρχουν, Καταχωρήστε ετικέτα πρώτοι!
|
MARC
| LEADER | 00000nam a2200000 i 4500 | ||
|---|---|---|---|
| 001 | 1/101559 | ||
| 008 | 961119s1972 eng d | ||
| 020 | |a 0131279440 | ||
| 020 | |a 0131279513(pbk.) | ||
| 035 | |a 1996 |b 3 |c Δωρεά |l 10057733 | ||
| 040 | |a GR-MY-UA |b gre |e aacr | ||
| 041 | 0 | |a eng | |
| 082 | 0 | |a 649.1 | |
| 100 | 1 | |a Krumboltz, John D. | |
| 245 | 1 | 0 | |a Changing children's behavior / |c John D. Krumboltz ; Helen Brandhorst Krumboltz |
| 260 | |a Englewood Cliffs, N.J. : |b Prentice-Hall, |c [c1972] | ||
| 300 | |a xix, 268 p.; |b ill.; |c 24 cm | ||
| 490 | 1 | |a Prentice-Hall series in counseling and guidance | |
| 504 | |a Βιβλιογραφία: σ. 252-253 | ||
| 650 | 0 | 0 | |a Child rearing. |
| 650 | 0 | 0 | |a Child psychology. |
| 650 | 0 | 0 | |a Reinforcement (Psychology) |
| 700 | 1 | |a Krumboltz, Helen Brandhorst. | |
| 830 | 0 | |a Prentice Hall series in counseling and guidance | |
| 852 | |a INST |b RHODES |e 19961119 |h 649.1 KRU |p 005400006991 |q 005400006991 |t BK |y 0 | ||
| 909 | |a Ρ |b 042954 | ||